000 00613nam a22001937a 4500
003 KOHA_MİRAKIL
005 20260415100857.0
008 260415b tu ||||| |||| 00| 0 tur d
040 _aTR-AnABB
_btur
_cTR-AnABB
041 _atur
082 _a307.12
_bBOL 2013
110 _aT.C.
_bKalkınma Bakanlığı
_93466
245 1 0 _aBölgesel gelişme ulusal stratejisi 2014-2023 /
_cBölgesel gelişme ulusal stratejisi
260 _aAnkara :
_bKalkınma Bakanlığı,
_c2013
300 _a197 sayfa ;
_c24 cm
650 0 4 _aBölgesel planlama
650 0 4 _aBölgesel kalkınma
942 _2ddc
_cBK
999 _c10260
_d10260
900 _bCan ÇELIK